000 00389nam a2200145 i 4500
001 66341
003 ES-MaACL
007 t|
008 040203s1961 sp ||||1| spa d
100 1 _aGalmés, Juan.
_953657
245 1 0 _aManual de química /
_cJuan Galmés.
260 _aBarcelona :
_bCasals,
_c1961.
300 _aXVI, 420 p. :
_bil. ;
_c21 cm.
852 _aES-MaACL
_jE-2409
_bR.47907
999 _c66341
_d66341